Library Logo

বংশ-পরিচয় / (Record no. 71326)

000 -LEADER
fixed length control field 00625nam a22001577a 4500
003 - CONTROL NUMBER IDENTIFIER
control field BD-DhUL
005 - DATE AND TIME OF LATEST TRANSACTION
control field 20160529145311.0
008 - FIXED-LENGTH DATA ELEMENTS--GENERAL INFORMATION
fixed length control field 160529s1328 ii a|||| |||| 001 0 b d
040 ## - CATALOGING SOURCE
Original cataloging agency BD-DhUL
Transcribing agency BD-DhUL
082 ## - DEWEY DECIMAL CLASSIFICATION NUMBER
Classification number 954.14
Item number BAN
245 10 - TITLE STATEMENT
Title বংশ-পরিচয় /
Statement of responsibility, etc. সংঙ্কলিত কুমার, জ্ঞানেন্দ্রনাথ.
260 ## - PUBLICATION, DISTRIBUTION, ETC. (IMPRINT)
Place of publication, distribution, etc. কলিকাতা :
Name of publisher, distributor, etc. জ্ঞানেন্দ্রনাথ কুমার,
Date of publication, distribution, etc. ১৩২৮।
300 ## - PHYSICAL DESCRIPTION
Extent খ., [৪০] পাতা প্লেটস ;
Dimensions ১৬ সেমি
650 #0 - SUBJECT ADDED ENTRY--TOPICAL TERM
Topical term or geographic name as entry element Undivided bengla
General subdivision History
942 ## - ADDED ENTRY ELEMENTS (KOHA)
Source of classification or shelving scheme
Koha item type Books
Holdings
Price effective from Date last seen Permanent Location Not for loan Date acquired Source of classification or shelving scheme Koha item type Lost status Withdrawn status Source of acquisition Collection code Damaged status Shelving location Barcode Current Location Full call number
2016-05-292016-05-29Dhaka University Library 2016-05-29 Books  PurchasedNon Fiction General Stacks25125Dhaka University Library954.14 BAN
Last Updated on September 15, 2019
© Dhaka University Library. All Rights Reserved|Staff Login